[Event "XLI Barbera del Valles Open 2018"]
[Site "Barbera del Valles"]
[Date "2018.07.06"]
[Round "3"]
[White "Himanshu, Sharma"]
[Black "Guseinov, Gadir"]
[Result "0-1"]
[WhiteElo "2420"]
[BlackElo "2654"]
[Annotator "RC"]
[PlyCount "118"]
[EventDate "2018.07.04"]
[EventType "swiss"]
[EventCountry "ESP"]
[SourceTitle "playchess.com"]
[Source "ChessBase"]
[SourceQuality "1"]
[TimeControl "5400+30"]

1. e4 {[%emt 0:00:00]} c5 {[%emt 0:00:00]} 2. Nc3 {[%emt 0:00:00]} Nc6 {[%emt 0:00:00]} 3. Nge2 {[%emt 0:00:29]} g6 {[%emt 0:00:00]} 4. d4 {[%emt 0:00:08]} cxd4 {[%emt 0:00:03]} 5. Nxd4 {[%emt 0:00:05]} Bg7 {[%emt 0:00:08]} 6. Nde2 {[%emt 0:00:54]} Nf6 {[%emt 0:01:17]} 7. a4 {[%emt 0:05:11]} O-O {[%emt 0:13:05]} 8. g3 {[%emt 0:00:20]} b6 {[%emt 0:00:06]} 9. Bg2 {[%emt 0:00:28]} Ba6 {[%emt 0:00:06]} 10. O-O {[%emt 0:01:40]} Rc8 {[%emt 0:00:12]} 11. Nb5 {[%emt 0:04:44]} d6 {[%emt 0:00:27]} 12. Ra3 {[%emt 0:05:41]} Nd7 {[%emt 0:14:19]} 13. Re3 {[%emt 0:09:14]} Bb7 {[%emt 0:10:02]} 14. c4 {[%emt 0:08:30]} a6 {[%emt 0:01:30]} 15. Nbc3 {[%emt 0:01:03]} Na5 {[%emt 0:04:39]} 16. b3 {[%emt 0:00:30]} Nc5 {[%emt 0:00:05]} 17. b4 {[%emt 0:03:33]} Nxc4 {[%emt 0:00:05]} 18. bxc5 {[%emt 0:00:05]} Nxe3 {[%emt 0:00:15]} 19. Bxe3 {[%emt 0:00:05]} bxc5 {[%emt 0:00:04]} 20. h4 {[%emt 0:04:37]} e6 {[%emt 0:02:06]} 21. Qd2 {[%emt 0:01:25]} Qe7 {[%emt 0:02:23]} 22. Bg5 {[%emt 0:00:48]} f6 {[%emt 0:01:03]} 23. Bf4 {[%emt 0:02:26]} Rfd8 {[%emt 0:01:15]} 24. Rd1 {[%emt 0:00:57]} Bf8 {[%emt 0:00:12]} 25. Qa2 {[%emt 0:00:17]} Qf7 {[%emt 0:01:35]} 26. Be3 {[%emt 0:04:46]} Re8 {[%emt 0:04:05]} 27. Nf4 {[%emt 0:02:06]} Rcd8 {[%emt 0:00:12]} 28. Bf1 {[%emt 0:02:53]} g5 {[%emt 0:06:04]} 29. hxg5 {[%emt 0:01:15]} fxg5 {[%emt 0:02:04]} 30. Nfe2 {[%emt 0:08:41]} h6 {[%emt 0:03:26]} 31. Bg2 {[%emt 0:02:32]} Rd7 {[%emt 0:07:15]} 32. a5 {[%emt 0:00:24]} Bc6 {[%emt 0:04:10]} 33. Na4 {[%emt 0:03:36]} Bg7 {[%emt 0:04:22]} 34. Nb6 {[%emt 0:01:52]} Rdd8 {[%emt 0:00:01]} 35. Qb3 {[%emt 0:01:17]} Qg6 {[%emt 0:01:31]} 36. Nc4 {[%emt 0:07:01]} Bf8 {[%emt 0:05:10]} 37. Nc3 {[%emt 0:00:46]} Qf7 {[%emt 0:00:18]} 38. Nb6 {[%emt 0:08:10]} Bg7 {[%emt 0:01:02]} 39. Qc4 {[%emt 0:00:46]} Qb7 {[%emt 0:01:19]} 40. Nca4 {[%emt 0:01:31]} Bb5 {[%emt 0:00:32]} 41. Qc2 {[%emt 0:02:03]} Qf7 {[%emt 0:00:26]} 42. Nc3 {[%emt 0:02:00]} Bc6 {[%emt 0:00:01]} 43. Nc4 {[%emt 0:00:31]} d5 {[%emt 0:08:38]} 44. exd5 {[%emt 0:00:10]} Bxd5 {[%emt 0:00:03]} 45. Ne4 {[%emt 0:01:09]} Qf5 {[%emt 0:01:41]} 46. Rc1 {[%emt 0:01:13]} Bxc4 {[%emt 0:00:35]} 47. Qxc4 {[%emt 0:00:06]} Bd4 {[%emt 0:00:00]} 48. Qe2 {[%emt 0:00:48]} Qe5 {[%emt 0:01:31]} 49. Re1 {[%emt 0:02:40]} Bxe3 {[%emt 0:00:37]} 50. fxe3 {[%emt 0:00:29]} Rb8 {[%emt 0:02:41]} 51. Qxa6 {[%emt 0:00:07]} Rb2 {[%emt 0:00:16]} 52. Re2 {[%emt 0:00:31]} Rb1+ {[%emt 0:00:32]} 53. Kh2 {[%emt 0:00:05]} g4 {[%emt 0:00:04]} 54. Nf2 {[%emt 0:03:00]} Qh5+ {[%emt 0:00:04]} 55. Nh3 {[%emt 0:00:12]} gxh3 {[%emt 0:00:04]} 56. Be4 {[%emt 0:01:08]} Rb4 {[%emt 0:01:00]} 57. Bc6 {[%emt 0:00:03]} Reb8 {[%emt 0:01:04]} 58. Qd3 {[%emt 0:00:35]} Qxe2+ {[%emt 0:00:42]} 59. Qxe2 {[%emt 0:00:06]} Rb2 {[%emt 0:00:01]} 0-1

[Event "XLI Barbera del Valles Open 2018"]
[Site "Barbera del Valles"]
[Date "2018.07.06"]
[Round "3"]
[White "Abhishek, Das"]
[Black "Stella, Andrea"]
[Result "1/2-1/2"]
[WhiteElo "2325"]
[BlackElo "2504"]
[Annotator "TA"]
[PlyCount "112"]
[EventDate "2018.07.04"]
[EventType "swiss"]
[EventCountry "ESP"]
[SourceTitle "playchess.com"]
[Source "ChessBase"]
[SourceQuality "1"]

{[%evp 23,112,-44,-45,-39,-39,-29,-29,-45,-41,-39,-35,-35,-35,-30,-37,-56,-20,-20,-22,-56,-14,-12,0,0,0,0,0,-3,0,0,0,-31,-32,-33,0,0,0,0,0,-6,0,0,0,0,6,0,0,0,0,0,18,0,0,0,0,0,0,0,0,0,0,0,0,-8,-8,-8,-8,-8,-6,-14,-14,-14,-8,-39,-10,-18,0,-6,3,6,8,0,0,0,0,0,0,0,0,0,0]} 1. e4 e5 2. Nf3 Nc6 3. Nc3 Nf6 4. Bb5 Bc5 5. O-O O-O 6. Nxe5 Nxe5 7. d4 Bd6 8. f4 Nc6 {C48: Four Knights: 4 Bb5, replies other than 4...Bb4} 9. e5 Be7 (9... Bb4 10. exf6 Qxf6 11. a3 Ba5 12. Nd5 Qxd4+ 13. Be3 Qxd1 14. Raxd1 d6 15. b4 Bb6 16. Bxb6 cxb6 17. Bxc6 bxc6 {1-0 (41) Howell,D (2655)-Khademalsharieh,S (2452) Caleta 2017}) 10. d5 Nb4 11. exf6 Bxf6 12. a3 Bxc3 $1 {LiveBook: 3 Games} 13. bxc3 Nxd5 $1 14. Qxd5 c6 15. Qd4 {[#] Hoping for Bd3.} cxb5 16. f5 f6 $146 17. Qd6 Qb6+ 18. Qxb6 axb6 19. Be3 d5 20. Bxb6 Re8 21. Bd4 Re2 22. g4 Bd7 (22... Re4 {seems wilder.} 23. h3 Bd7 24. Kf2 h5 25. Kg3 Rae8) 23. Rae1 Re4 24. Rxe4 dxe4 $11 {[%mdl 4096] Endgame KRB-KRB} 25. Re1 Bc6 26. Bc5 Rd8 27. Kf2 h5 28. h3 Kf7 29. Bd4 Ra8 30. Ra1 Rg8 31. Kg3 Re8 32. Re1 Ra8 33. Ra1 Bd5 34. Kf4 hxg4 35. hxg4 Rh8 36. Kg3 Bc4 37. Re1 Bd5 38. Rg1 Bc6 39. Re1 Rg8 40. Kf4 Rh8 41. Kg3 Rh6 42. Rg1 g6 43. fxg6+ Rxg6 44. Kf4 Rh6 45. Kg3 Bd7 46. Be3 Rg6 47. Kf4 Rg8 48. Kxe4 Bxg4 49. Kf4 {The position is equal.} f5 50. Rb1 Re8 {[#] And now ...Re4+ would win.} 51. Bd4 Kg6 52. Be5 Be2 53. Rg1+ Bg4 54. Rb1 Be2 55. Rg1+ Bg4 56. Rb1 Be2 {Precision: White = 59%, Black = 60%.} 1/2-1/2

[Event "XLI Barbera del Valles Open 2018"]
[Site "Barbera del Valles"]
[Date "2018.07.06"]
[Round "3"]
[White "Neelash Saha"]
[Black "Alsina Leal, Daniel"]
[Result "1-0"]
[WhiteElo "2319"]
[BlackElo "2492"]
[Annotator "RC"]
[PlyCount "83"]
[EventDate "2018.07.04"]
[EventType "swiss"]
[EventCountry "ESP"]
[SourceTitle "playchess.com"]
[Source "ChessBase"]
[SourceQuality "1"]
[TimeControl "5400+30"]

1. d4 {[%emt 0:01:25]} Nf6 {[%emt 0:00:00]} 2. Bf4 {[%emt 0:00:14]} g6 {[%emt 0:01:01]} 3. Nc3 {[%emt 0:00:06]} d5 {[%emt 0:00:34]} 4. e3 {[%emt 0:00:08]} Bg7 {[%emt 0:01:09]} 5. h4 {[%emt 0:00:13]} c5 {[%emt 0:05:12]} 6. Nb5 {[%emt 0:00:52]} Na6 {[%emt 0:01:42]} 7. c3 {[%emt 0:00:06]} h6 {[%emt 0:03:32]} 8. Be2 {[%emt 0:00:26]} Bd7 {[%emt 0:06:01]} 9. a4 {[%emt 0:00:06]} c4 {[%emt 0:05:48]} 10. b3 {[%emt 0:04:09]} cxb3 {[%emt 0:03:20]} 11. Qxb3 {[%emt 0:00:08]} O-O {[%emt 0:01:40]} 12. Nf3 {[%emt 0:00:17]} Bg4 {[%emt 0:04:33]} 13. Nd2 {[%emt 0:08:17]} Bxe2 {[%emt 0:05:18]} 14. Kxe2 {[%emt 0:01:36]} Ne4 {[%emt 0:10:04]} 15. Nxe4 {[%emt 0:28:07]} dxe4 {[%emt 0:00:37]} 16. Qc2 {[%emt 0:00:16]} Qd5 {[%emt 0:02:19]} 17. c4 {[%emt 0:00:21]} Rfc8 {[%emt 0:18:42]} 18. Rhc1 {[%emt 0:05:59]} Qf5 {[%emt 0:01:08]} 19. Rab1 {[%emt 0:01:32]} e5 {[%emt 0:01:41]} 20. Bg3 {[%emt 0:01:03]} Rd8 {[%emt 0:05:00]} 21. Rd1 {[%emt 0:01:06]} b6 {[%emt 0:05:35]} 22. Kf1 {[%emt 0:02:36]} exd4 {[%emt 0:04:35]} 23. exd4 {[%emt 0:00:14]} Bf8 {[%emt 0:01:03]} 24. Re1 {[%emt 0:06:07]} Re8 {[%emt 0:00:05]} 25. Bd6 {[%emt 0:00:50]} Bg7 {[%emt 0:01:41]} 26. Bg3 {[%emt 0:04:20]} Bf8 {[%emt 0:00:05]} 27. Bd6 {[%emt 0:02:05]} Bg7 {[%emt 0:00:11]} 28. c5 {[%emt 0:05:56]} bxc5 {[%emt 0:01:40]} 29. dxc5 {[%emt 0:00:04]} Qg4 {[%emt 0:00:32]} 30. c6 {[%emt 0:04:15]} Qxh4 {[%emt 0:01:43]} 31. Kg1 {[%emt 0:00:09]} h5 {[%emt 0:02:46]} 32. c7 {[%emt 0:03:02]} Qg4 {[%emt 0:02:54]} 33. Qc6 {[%emt 0:02:47]} h4 {[%emt 0:01:04]} 34. Rb3 {[%emt 0:01:44]} f5 {[%emt 0:02:11]} 35. f3 {[%emt 0:02:22]} Qg5 {[%emt 0:01:15]} 36. f4 {[%emt 0:02:51]} Qg4 {[%emt 0:00:35]} 37. Qxa6 {[%emt 0:01:11]} g5 {[%emt 0:00:18]} 38. fxg5 {[%emt 0:01:13]} f4 {[%emt 0:00:07]} 39. Qc6 {[%emt 0:00:30]} a6 {[%emt 0:01:02]} 40. Rxe4 {[%emt 0:01:50]} Rec8 {[%emt 0:00:33]} 41. Qd5+ {[%emt 0:00:17]} Kh7 {[%emt 0:00:22]} 42. Rxf4 {[%emt 0:00:10]} 1-0

[Event "XLI Barbera del Valles Open 2018"]
[Site "Barbera del Valles"]
[Date "2018.07.07"]
[Round "4"]
[White "Guseinov, Gadir"]
[Black "Martinez Alcantara, Jose Eduardo"]
[Result "1/2-1/2"]
[WhiteElo "2654"]
[BlackElo "2545"]
[Annotator "ChessBase"]
[PlyCount "130"]
[EventDate "2018.07.04"]
[EventType "swiss"]
[EventCountry "ESP"]
[SourceTitle "playchess.com"]
[Source "ChessBase"]
[SourceQuality "1"]
[TimeControl "5400+30"]

1. e4 {[%emt 0:00:00]} c5 {[%emt 0:00:14]} 2. Nc3 {[%emt 0:00:00]} d6 {[%emt 0:00:04]} 3. d4 {[%emt 0:00:00]} cxd4 {[%emt 0:00:08]} 4. Qxd4 {[%emt 0:00:00]} Nc6 {[%emt 0:03:27]} 5. Qd2 {[%emt 0:00:23]} Nf6 {[%emt 0:05:14]} 6. b3 {[%emt 0:00:40]} a6 {[%emt 0:00:07]} 7. Bb2 {[%emt 0:00:14]} e6 {[%emt 0:00:06]} 8. f3 {[%emt 0:01:33]} b5 {[%emt 0:02:36]} 9. O-O-O {[%emt 0:01:47]} Be7 {[%emt 0:01:11]} 10. g4 {[%emt 0:00:25]} Nxg4 {[%emt 0:04:56]} 11. Nh3 {[%emt 0:00:10]} Nf6 {[%emt 0:01:31]} 12. Rg1 {[%emt 0:00:11]} Rg8 {[%emt 0:04:22]} 13. Kb1 {[%emt 0:01:55]} Qb6 {[%emt 0:01:36]} 14. f4 {[%emt 0:02:49]} Bb7 {[%emt 0:02:35]} 15. f5 {[%emt 0:08:55]} Ne5 {[%emt 0:11:19]} 16. Bg2 {[%emt 0:14:19]} Nfg4 {[%emt 0:14:17]} 17. fxe6 {[%emt 0:07:13]} fxe6 {[%emt 0:00:02]} 18. Ng5 {[%emt 0:00:19]} Bxg5 {[%emt 0:09:08]} 19. Qxg5 {[%emt 0:02:38]} h6 {[%emt 0:00:08]} 20. Qh4 {[%emt 0:04:50]} g5 {[%emt 0:00:22]} 21. Qh5+ {[%emt 0:05:44]} Rg6 {[%emt 0:00:44]} 22. Ne2 {[%emt 0:03:34]} O-O-O {[%emt 0:02:38]} 23. Ng3 {[%emt 0:16:45]} Kb8 {[%emt 0:12:37]} 24. h3 {[%emt 0:01:13]} Nf6 {[%emt 0:00:03]} 25. Qe2 {[%emt 0:00:03]} Qc7 {[%emt 0:01:09]} 26. Rd2 {[%emt 0:01:18]} Nfd7 {[%emt 0:06:25]} 27. Rgd1 {[%emt 0:03:27]} Nf7 {[%emt 0:00:13]} 28. Bf3 {[%emt 0:00:28]} Nde5 {[%emt 0:00:34]} 29. Bh5 {[%emt 0:00:18]} Rgg8 {[%emt 0:00:01]} 30. Qf2 {[%emt 0:01:32]} g4 {[%emt 0:03:19]} 31. Bxg4 {[%emt 0:14:44]} Nxg4 {[%emt 0:02:08]} 32. hxg4 {[%emt 0:00:02]} Rxg4 {[%emt 0:00:53]} 33. e5 {[%emt 0:01:40]} d5 {[%emt 0:00:38]} 34. Nh5 {[%emt 0:00:39]} Ng5 {[%emt 0:00:52]} 35. Nf6 {[%emt 0:00:27]} Ne4 {[%emt 0:00:07]} 36. Nxe4 {[%emt 0:00:24]} Rxe4 {[%emt 0:00:02]} 37. Qf6 {[%emt 0:00:17]} Bc8 {[%emt 0:01:33]} 38. Qxh6 {[%emt 0:00:22]} Rg8 {[%emt 0:00:09]} 39. Rf2 {[%emt 0:01:09]} b4 {[%emt 0:00:17]} 40. Qd2 {[%emt 0:00:15]} a5 {[%emt 0:00:13]} 41. Re2 {[%emt 0:01:00]} Rh4 {[%emt 0:04:30]} 42. Rg2 {[%emt 0:00:46]} Rf8 {[%emt 0:03:38]} 43. Bd4 {[%emt 0:00:03]} Re4 {[%emt 0:00:59]} 44. Re2 {[%emt 0:00:23]} Rh4 {[%emt 0:02:31]} 45. Rf2 {[%emt 0:00:09]} Rg8 {[%emt 0:00:23]} 46. Rf4 {[%emt 0:00:57]} Rxf4 {[%emt 0:00:36]} 47. Qxf4 {[%emt 0:00:01]} Ba6 {[%emt 0:00:10]} 48. Qf2 {[%emt 0:00:26]} Kb7 {[%emt 0:00:08]} 49. Rg1 {[%emt 0:00:49]} Rxg1+ {[%emt 0:00:29]} 50. Qxg1 {[%emt 0:00:01]} Be2 {[%emt 0:00:10]} 51. Kb2 {[%emt 0:00:21]} Bf3 {[%emt 0:00:20]} 52. c3 {[%emt 0:00:55]} Be4 {[%emt 0:00:42]} 53. Qe1 {[%emt 0:00:01]} bxc3+ {[%emt 0:00:28]} 54. Bxc3 {[%emt 0:00:04]} a4 {[%emt 0:00:13]} 55. Bd4 {[%emt 0:00:37]} axb3 {[%emt 0:00:45]} 56. axb3 {[%emt 0:01:45]} Qc6 {[%emt 0:01:03]} 57. Qb4+ {[%emt 0:00:10]} Kc8 {[%emt 0:00:01]} 58. Qf8+ {[%emt 0:01:33]} Kb7 {[%emt 0:00:19]} 59. Qe7+ {[%emt 0:00:17]} Kc8 {[%emt 0:00:27]} 60. Bc5 {[%emt 0:00:05]} Qd7 {[%emt 0:00:49]} 61. Qf8+ {[%emt 0:00:27]} Kb7 {[%emt 0:01:41]} 62. Bd6 {[%emt 0:01:58]} Qc8 {[%emt 0:00:11]} 63. Qe7+ {[%emt 0:00:10]} Kb6 {[%emt 0:00:07]} 64. Qg5 {[%emt 0:00:38]} d4 {[%emt 0:00:25]} 65. Qd2 {[%emt 0:00:37]} Qc3+ {[%emt 0:00:07]} 1/2-1/2

[Event "XLI Barbera del Valles Open 2018"]
[Site "Barbera del Valles"]
[Date "2018.07.07"]
[Round "4"]
[White "Guliyev, Namig"]
[Black "Valenzuela Gomez, Fernando"]
[Result "1/2-1/2"]
[WhiteElo "2545"]
[BlackElo "2389"]
[Annotator "ChessBase"]
[PlyCount "177"]
[EventDate "2018.07.04"]
[EventType "swiss"]
[EventCountry "ESP"]
[SourceTitle "playchess.com"]
[Source "ChessBase"]
[SourceQuality "1"]
[TimeControl "5400+30"]

1. e4 {[%emt 0:00:00]} c5 {[%emt 0:03:15]} 2. Nf3 {[%emt 0:00:00]} d6 {[%emt 0:00:25]} 3. d4 {[%emt 0:00:15]} cxd4 {[%emt 0:00:15]} 4. Nxd4 {[%emt 0:00:21]} Nf6 {[%emt 0:00:36]} 5. Nc3 {[%emt 0:00:08]} a6 {[%emt 0:00:12]} 6. Be3 {[%emt 0:01:03]} Ng4 {[%emt 0:00:24]} 7. Bc1 {[%emt 0:00:05]} Nf6 {[%emt 0:00:06]} 8. Be2 {[%emt 0:00:15]} Nbd7 {[%emt 0:00:03]} 9. O-O {[%emt 0:03:17]} g6 {[%emt 0:00:11]} 10. a4 {[%emt 0:00:19]} b6 {[%emt 0:02:03]} 11. f4 {[%emt 0:02:46]} Bb7 {[%emt 0:09:09]} 12. Bf3 {[%emt 0:00:11]} e5 {[%emt 0:01:06]} 13. Nde2 {[%emt 0:02:51]} Qc7 {[%emt 0:01:08]} 14. g4 {[%emt 0:03:08]} d5 15. exd5 {[%emt 0:01:09]} e4 {[%emt 0:35:38]} 16. Nxe4 {[%emt 0:02:10]} Nxe4 {[%emt 0:00:46]} 17. Bxe4 {[%emt 0:00:07]} Nf6 {[%emt 0:00:35]} 18. Bf3 {[%emt 0:00:40]} O-O-O {[%emt 0:05:27]} 19. Nd4 {[%emt 0:08:35]} Nxd5 {[%emt 0:05:44]} 20. c3 {[%emt 0:00:20]} Bc5 {[%emt 0:02:38]} 21. Qe2 {[%emt 0:05:42]} Rhe8 {[%emt 0:03:24]} 22. Qf2 {[%emt 0:00:13]} Kb8 {[%emt 0:04:31]} 23. Bg2 {[%emt 0:01:59]} Nb4 {[%emt 0:01:39]} 24. Bxb7 {[%emt 0:05:00]} Qxb7 {[%emt 0:01:18]} 25. f5 {[%emt 0:01:34]} Ka8 {[%emt 0:03:07]} 26. Be3 {[%emt 0:08:47]} Rxe3 {[%emt 0:04:15]} 27. Qxe3 {[%emt 0:03:24]} Nc2 {[%emt 0:00:15]} 28. Nxc2 {[%emt 0:00:15]} Qe4 {[%emt 0:04:53]} 29. Qxc5 {[%emt 0:02:03]} Qxg4+ {[%emt 0:00:50]} 30. Kh1 {[%emt 0:00:07]} bxc5 {[%emt 0:01:24]} 31. Rf2 {[%emt 0:00:18]} Qe4+ {[%emt 0:00:55]} 32. Kg1 {[%emt 0:00:20]} Qg4+ {[%emt 0:01:33]} 33. Kh1 {[%emt 0:00:40]} gxf5 {[%emt 0:01:14]} 34. Ne3 {[%emt 0:00:27]} Qe4+ {[%emt 0:00:35]} 35. Ng2 {[%emt 0:00:05]} Rg8 {[%emt 0:01:05]} 36. a5 {[%emt 0:01:09]} h5 {[%emt 0:02:09]} 37. Re1 {[%emt 0:00:46]} Qc6 {[%emt 0:00:41]} 38. h4 {[%emt 0:01:42]} f4 {[%emt 0:01:28]} 39. Ref1 {[%emt 0:01:42]} Rg3 {[%emt 0:00:54]} 40. Kh2 {[%emt 0:00:27]} Rg4 {[%emt 0:00:58]} 41. Rf3 {[%emt 0:00:14]} Qe4 {[%emt 0:01:09]} 42. R1f2 {[%emt 0:00:09]} Kb7 {[%emt 0:00:50]} 43. b3 {[%emt 0:00:40]} Rg3 {[%emt 0:00:58]} 44. Rxg3 {[%emt 0:00:22]} fxg3+ {[%emt 0:00:02]} 45. Kxg3 {[%emt 0:00:08]} Qe5+ {[%emt 0:00:18]} 46. Nf4 {[%emt 0:00:57]} Qxc3+ {[%emt 0:00:04]} 47. Rf3 {[%emt 0:00:05]} Qg7+ {[%emt 0:00:32]} 48. Kf2 {[%emt 0:00:13]} Qg4 {[%emt 0:00:33]} 49. Ng2 {[%emt 0:00:12]} Qd4+ {[%emt 0:00:32]} 50. Kg3 {[%emt 0:00:22]} f5 {[%emt 0:00:38]} 51. Nf4 {[%emt 0:00:21]} Qg7+ {[%emt 0:00:25]} 52. Kf2 {[%emt 0:00:05]} Qc7 {[%emt 0:00:29]} 53. Kg2 {[%emt 0:02:41]} Qe7 {[%emt 0:00:42]} 54. Nxh5 {[%emt 0:00:52]} Qxh4 {[%emt 0:00:21]} 55. Rxf5 {[%emt 0:00:07]} Qe4+ {[%emt 0:00:23]} 56. Rf3 {[%emt 0:00:05]} Qe2+ {[%emt 0:00:13]} 57. Kg3 {[%emt 0:00:09]} Qe1+ {[%emt 0:00:09]} 58. Kg4 {[%emt 0:01:35]} Qxa5 {[%emt 0:00:19]} 59. Nf4 {[%emt 0:01:14]} Kc6 {[%emt 0:00:28]} 60. Nd3 {[%emt 0:00:49]} Qc3 {[%emt 0:00:55]} 61. Kf5 {[%emt 0:00:10]} Qc2 {[%emt 0:00:43]} 62. Ke4 {[%emt 0:01:05]} Kb5 {[%emt 0:00:28]} 63. Ke3 {[%emt 0:00:36]} Qxb3 {[%emt 0:00:34]} 64. Rf5 {[%emt 0:00:22]} Qe6+ {[%emt 0:00:31]} 65. Re5 {[%emt 0:00:02]} Qh6+ {[%emt 0:00:28]} 66. Ke4 {[%emt 0:00:03]} Qh4+ {[%emt 0:00:37]} 67. Ke3 {[%emt 0:00:05]} Qg3+ {[%emt 0:00:43]} 68. Ke4 {[%emt 0:00:04]} Qg2+ {[%emt 0:00:29]} 69. Ke3 {[%emt 0:00:08]} Qg1+ {[%emt 0:00:06]} 70. Kd2 {[%emt 0:01:35]} Kc4 {[%emt 0:01:30]} 71. Re4+ {[%emt 0:00:04]} Kb3 {[%emt 0:00:50]} 72. Nc1+ {[%emt 0:00:04]} Ka3 {[%emt 0:00:24]} 73. Rc4 {[%emt 0:00:44]} Qf1 {[%emt 0:00:49]} 74. Nd3 {[%emt 0:00:34]} Qg2+ {[%emt 0:00:07]} 75. Kc3 {[%emt 0:00:23]} Qg7+ {[%emt 0:00:04]} 76. Kc2 {[%emt 0:00:16]} Qg2+ {[%emt 0:00:24]} 77. Kc3 {[%emt 0:00:04]} a5 {[%emt 0:01:33]} 78. Nxc5 {[%emt 0:00:17]} Qg7+ {[%emt 0:00:21]} 79. Kc2 {[%emt 0:00:12]} Qg6+ {[%emt 0:00:29]} 80. Kc3 {[%emt 0:00:08]} Qf6+ {[%emt 0:00:08]} 81. Kc2 {[%emt 0:00:07]} Qf5+ {[%emt 0:00:15]} 82. Kc3 {[%emt 0:00:06]} Qe5+ {[%emt 0:00:10]} 83. Kc2 {[%emt 0:00:06]} Qe2+ {[%emt 0:00:45]} 84. Kc3 {[%emt 0:00:08]} Qb2+ {[%emt 0:00:41]} 85. Kd3 {[%emt 0:00:08]} Qb1+ {[%emt 0:00:35]} 86. Kc3 {[%emt 0:00:09]} Qa1+ {[%emt 0:01:07]} 87. Kc2 {[%emt 0:00:04]} Qa2+ {[%emt 0:00:20]} 88. Kc3 {[%emt 0:00:14]} Qb2+ 89. Kd3 1/2-1/2

[Event "XLI Barbera del Valles Open 2018"]
[Site "Barbera del Valles"]
[Date "2018.07.07"]
[Round "4"]
[White "Stella, Andrea"]
[Black "Mitrabha, Guha"]
[Result "1-0"]
[WhiteElo "2504"]
[BlackElo "2299"]
[Annotator "TA"]
[PlyCount "73"]
[EventDate "2018.07.04"]
[EventType "swiss"]
[EventCountry "ESP"]
[SourceTitle "playchess.com"]
[Source "ChessBase"]
[SourceQuality "1"]

{[%evp 22,73,0,4,53,0,17,22,21,25,25,15,0,0,48,31,38,39,50,33,150,156,159,11,201,197,242,242,244,237,241,241,239,239,239,239,239,239,237,245,241,200,337,252,260,259,253,203,428,423,395,410,589,579]} 1. d4 Nf6 2. c4 e6 3. Nc3 Bb4 4. Qc2 O-O 5. Nf3 c5 6. dxc5 Na6 {[%cal Bb8a6,Ba6c5,Bc5e4][%mdl 32]} 7. g3 Nxc5 8. Bg2 Nce4 9. O-O Nxc3 10. bxc3 Be7 11. e4 {[%cal Be2e4,Be4e5][%mdl 32]} d6 12. e5 {LiveBook: 170 Games. E39: Nimzo-Indian: Classical: 4...c5 5 dxc5 0-0} Ne8 (12... dxe5 13. Nxe5 Qc7 14. Qe2 Nd7 15. Bf4 Nxe5 16. Bxe5 Bd6 17. Rfe1 Rb8 18. Rad1 Bxe5 19. Qxe5 Qxe5 20. Rxe5 b6 21. c5 Ba6 22. c6 {½-½ (43) Nakamura,H (2781)-Caruana,F (2799) London 2017}) 13. Bf4 $146 ({Predecessor:} 13. Rd1 Qc7 14. Bf4 dxe5 15. Bxe5 Qxc4 16. Rab1 Bf6 17. Rb4 Qc5 18. Qe2 a6 19. a4 a5 {0-1 (38) Toth,B (2348)-Pelletier,Y (2588) Basel 2015}) 13... Qc7 14. Qe2 {The position is equal.} f6 15. exf6 Nxf6 16. Nd4 e5 17. Nb5 $36 {[%mdl 2048] White has good play.} Qb8 18. c5 Bg4 19. Qc4+ d5 20. Bxd5+ Nxd5 (20... Kh8 $14 21. Rfe1 exf4 22. Rxe7 Qd8) 21. Qxd5+ $16 Rf7 {[#]} 22. f3 (22. Qxe5 $6 Qxe5 23. Bxe5 Bxc5 $14) (22. Rfe1 $1 $16) 22... exf4 $2 (22... Be6 $11 {and Black has nothing to worry.} 23. Qxe6 Bxc5+ 24. Be3 Bxe3+ 25. Kg2 Bc5) 23. fxg4 $18 {And now Rxf4 would win.} Qc8 24. Nd6 ({Worse is} 24. gxf4 Qxc5+ 25. Qxc5 Bxc5+ 26. Nd4 Bxd4+ 27. cxd4 Rd8 $11) (24. Rxf4 Qxc5+ 25. Qxc5 Bxc5+ 26. Nd4 Rc8 $11) 24... Bxd6 25. cxd6 Qc6 26. Qxc6 bxc6 27. Rxf4 {[%mdl 4096] Endgame KRR-KRR} ({Don't do} 27. gxf4 $6 Rd8 $16) 27... Rd7 28. Rd1 Rad8 29. Rfd4 Kf7 30. c4 c5 31. Rd5 Rc8 (31... h6 {might work better.} 32. R1d3 a6) 32. Rf1+ Ke6 33. Re1+ Kf7 34. Kg2 g6 $2 {[#]} (34... Rcd8 35. Rf5+ (35. Rxc5 Rxd6 36. Ra5 R8d7 $18) 35... Kg8) 35. Rf1+ Kg7 36. g5 Rc6 (36... a5 {is a better defense.} 37. Rfd1 a4) 37. Rf6 {Precision: White = 71%, Black = 43%.} 1-0

[Event "XLI Barbera del Valles Open 2018"]
[Site "Barbera del Valles"]
[Date "2018.07.07"]
[Round "4"]
[White "Oliva Castaneda, Kevel"]
[Black "Neelash Saha"]
[Result "1/2-1/2"]
[WhiteElo "2491"]
[BlackElo "2319"]
[Annotator "ChessBase"]
[PlyCount "67"]
[EventDate "2018.07.04"]
[EventType "swiss"]
[EventCountry "ESP"]
[SourceTitle "playchess.com"]
[Source "ChessBase"]
[SourceQuality "1"]
[TimeControl "5400+30"]

1. d4 {[%emt 0:00:00]} Nf6 {[%emt 0:02:14]} 2. c4 {[%emt 0:00:10]} c5 {[%emt 0:00:29]} 3. d5 {[%emt 0:00:07]} b5 {[%emt 0:00:04]} 4. Qc2 {[%emt 0:00:37]} bxc4 {[%emt 0:01:12]} 5. e4 {[%emt 0:00:07]} g6 {[%emt 0:00:36]} 6. Bxc4 {[%emt 0:00:14]} d6 {[%emt 0:00:04]} 7. Nf3 {[%emt 0:00:12]} Bg7 {[%emt 0:00:08]} 8. O-O {[%emt 0:00:09]} Nbd7 {[%emt 0:00:08]} 9. Re1 {[%emt 0:00:15]} Ng4 {[%emt 0:08:21]} 10. Bf1 {[%emt 0:01:05]} O-O {[%emt 0:00:31]} 11. h3 {[%emt 0:02:01]} Nge5 {[%emt 0:00:21]} 12. Nfd2 {[%emt 0:00:08]} g5 {[%emt 0:02:24]} 13. Nc3 {[%emt 0:00:36]} Nb6 {[%emt 0:02:00]} 14. a4 {[%emt 0:00:45]} Rb8 {[%emt 0:01:03]} 15. a5 {[%emt 0:03:37]} Na8 {[%emt 0:00:30]} 16. Nc4 {[%emt 0:00:57]} Nxc4 {[%emt 0:01:28]} 17. Bxc4 {[%emt 0:00:07]} h6 {[%emt 0:01:23]} 18. f4 {[%emt 0:01:55]} Rb4 {[%emt 0:07:57]} 19. b3 {[%emt 0:02:17]} gxf4 {[%emt 0:09:44]} 20. Bxf4 {[%emt 0:00:25]} e5 {[%emt 0:00:04]} 21. Bd2 {[%emt 0:03:28]} Rb7 {[%emt 0:04:25]} 22. Rf1 {[%emt 0:03:03]} Nc7 {[%emt 0:02:55]} 23. Qd3 {[%emt 0:09:12]} Bd7 {[%emt 0:03:53]} 24. Rae1 {[%emt 0:09:16]} Ne8 {[%emt 0:01:09]} 25. a6 {[%emt 0:00:34]} Rb8 {[%emt 0:02:43]} 26. Ne2 {[%emt 0:01:15]} Kh7 {[%emt 0:04:11]} 27. Rf3 {[%emt 0:04:35]} Qe7 {[%emt 0:01:53]} 28. Ng3 {[%emt 0:02:01]} Bf6 {[%emt 0:00:48]} 29. Ref1 {[%emt 0:13:57]} Bg5 {[%emt 0:13:11]} 30. Ba5 {[%emt 0:12:18]} Ng7 {[%emt 0:03:46]} 31. Kh1 {[%emt 0:01:13]} Kh8 {[%emt 0:01:26]} 32. R1f2 {[%emt 0:01:51]} h5 {[%emt 0:08:02]} 33. Bd2 {[%emt 0:06:58]} h4 {[%emt 0:04:51]} 34. Nf1 {[%emt 0:01:50]} 1/2-1/2